Suits and uniforms : Turkish foreign policy since the cold war
Αποθηκεύτηκε σε:
| Κύριος συγγραφέας: | |
|---|---|
| Μορφή: | Βιβλίο |
| Γλώσσα: | English |
| Δημοσίευση: |
Glasgow :
Bell & Bain Ltd.,
2003
|
| Θέματα: | |
| Ετικέτες: |
Προσθήκη ετικέτας
Δεν υπάρχουν, Καταχωρήστε ετικέτα πρώτοι!
|
MARC
| LEADER | 00000cam a2200000 i 4500 | ||
|---|---|---|---|
| 001 | 1/86282 | ||
| 008 | 050923s2003 eng d | ||
| 020 | |a 0-295-98281-0 | ||
| 035 | |l 10080509 | ||
| 040 | |a GR-MY-UA |b gre |e aacr | ||
| 041 | 0 | |a eng | |
| 082 | 0 | |a 327.561 |2 (22) | |
| 100 | 1 | |a Robins, Philip. | |
| 245 | 1 | 0 | |a Suits and uniforms : |b Turkish foreign policy since the cold war / |c Philip Robins |
| 260 | |a Glasgow : |b Bell & Bain Ltd., |c 2003 | ||
| 300 | |a xix, 404 σ.; |b χαρτ.; |c 20 εκ. | ||
| 504 | |a Includes bibliographical references and index | ||
| 651 | 0 | |a Turkey |x Foreign relations |y 1960-1980. | |
| 651 | 0 | |a Turkey |x Foreign relations |y 1980- | |
| 767 | 0 | 8 | |t Στρατός και διπλωματία : |
| 852 | |a INST |b RHODES |e 20050923 |h 327.561 ROB |p 005400022241 |q 005400022241 |t BK |y 0 | ||
| 901 | |a BIBL4-2005-3 | ||
| 909 | |a Ρ |b 122448 | ||
| 970 | |a ΣΙΔΕΡΗ |b ΝΕΚΤΑΡΙΑ |z 2005/09/23 | ||